|
|
|
|
| LEADER |
01493nam a2200421 4500 |
| 001 |
on1005558865 |
| 003 |
OCoLC |
| 005 |
20180501122037.0 |
| 006 |
m d |
| 007 |
cr ||||||||||| |
| 008 |
170916t20172017mau ob 001 0 eng d |
| 040 |
|
|
|a IDEBK
|b eng
|e rda
|c IDEBK
|d YDX
|d OPELS
|d OCLCF
|d IDEBK
|d OCLCO
|d GrThAP
|
| 019 |
|
|
|a 1001976071
|a 1005589677
|
| 020 |
|
|
|a 0128041668
|q (ebk)
|
| 020 |
|
|
|a 9780128041666
|
| 020 |
|
|
|a 9780128041635
|
| 020 |
|
|
|a 0128041633
|
| 035 |
|
|
|a (OCoLC)1005558865
|z (OCoLC)1001976071
|z (OCoLC)1005589677
|
| 050 |
|
4 |
|a QL639.1
|
| 082 |
0 |
4 |
|a 571.17
|2 23
|
| 049 |
|
|
|a TEFA
|
| 245 |
0 |
4 |
|a The cardiovascular system :
|b morphology, control and function : fish physiology /
|c A. Kurt Gamperl, [and three others].
|
| 264 |
|
1 |
|a Cambridge, Massachusetts :
|b Academic Press,
|c 2017.
|
| 264 |
|
4 |
|c Ç2017
|
| 300 |
|
|
|a 1 online resource (480 pages)
|
| 336 |
|
|
|a text
|b txt
|2 rdacontent
|
| 337 |
|
|
|a computer
|b c
|2 rdamedia
|
| 338 |
|
|
|a online resource
|b cr
|2 rdacarrier
|
| 490 |
1 |
|
|a Fish physiology ;
|v volume 36A
|
| 650 |
|
0 |
|a Fishes
|x Physiology.
|
| 650 |
|
7 |
|a Fishes
|x Physiology.
|2 fast
|0 (OCoLC)fst00926577
|
| 650 |
1 |
2 |
|a Fishes
|x physiology.
|
| 650 |
2 |
2 |
|a Fishes.
|
| 655 |
|
4 |
|a Electronic books.
|
| 700 |
1 |
|
|a Gamperl, A. Kurt,
|e author.
|
| 776 |
0 |
8 |
|c Original
|z 9780128041635
|z 0128041633
|w (OCoLC)974699281
|
| 830 |
|
0 |
|a Fish physiology ;
|v v. 36A.
|
| 856 |
4 |
0 |
|u https://www.sciencedirect.com/science/bookseries/15465098/36/part/PA
|z Full Text via HEAL-Link
|